[Event "Match"]
[Site "www.echecsemail.com"]
[Date "2017.05.13"]
[Round "1"]
[White "Pellix84"]
[Black "Cjood"]
[WhiteElo "2060"]
[BlackElo "1940"]
[Result "1-0"]
[Round "1"]
1.d4 Ng8f6
2.Bc1g5 e6
3.Ng1f3 Bf8e7
4.e3 Nf6e4
5.Bg5xe7 Qd8xe7
6.Bf1d3 d5
7.a3 a6
8.c4 c6
9.Qd1c2 f5
10.O-O Nb8d7
11.cxd5 cxd5
12.Nb1d2 Ne4d6
13.Ra1c1 h6
14.Nd2b3 Nd7f6
15.Nb3c5 O-O
16.Nf3e5 Qe7e8
17.a4 b6
18.Nc5b3 Qe8xa4
19.Rc1a1 Qa4e8
20.Qc2c7 Nd6e4
21.h3 b5
22.Qc7b6 g5
23.Nb3c5 Ne4xc5
24.dxc5 Qe8e7
25.Bd3xb5 Bc8b7
26.c6 Bb7c8
27.Bb5xa6 Bc8xa6
28.Ra1xa6 Ra8xa6
29.Qb6xa6 Qe7c7
30.Ne5g6 Rf8b8
31.Qa6a3 Kf7
32.Ng6e5 Ke8
33.Rf1c1 Qc7xe5
34.c7 Rb8c8
35.Qa3a4 Kf7
36.b4 Rc8xc7
37.Rc1xc7 Qe5xc7
38.b5 Nf6e4
39.Qa4d4 Qc7c1
40.Kh2 Ne4xf2
41.b6 f4
42.exf4 gxf4
43.Qd4xf2 e5
44.b7 Qc1b1
45.Qf2a7 Kf6
46.b8Q Qb1xb8
47.Qa7xb8 Ke6
48.Qb8b6 Kf5
49.Qb6xh6 Ke4
50.Qh6g6 Kd4
51.Qg6f5 e4
52.Qf5xf4 Kd3
53.Qf4f1 Kd4
54.Qf1e2 e3
55.h4 Ke4
56.Qe2f3 Kd4
57.h5 { resign }
1-0

[Event "Match"]
[Site "www.echecsemail.com"]
[Date "2017.05.13"]
[Round "1"]
[White "Pinehill"]
[Black "Cjood"]
[WhiteElo "1990"]
[BlackElo "2050"]
[Result "0-1"]
[Round "1"]
1.e4 e6
2.d4 d5
3.exd5 exd5
4.Ng1f3 Nb8c6
5.Bf1b5 Bc8d7
6.O-O Bf8d6
7.Rf1e1 Ng8e7
8.Bb5xc6 Bd7xc6
9.Nf3e5 Bd6xe5
10.Re1xe5 f6
11.Re5e1 O-O
12.c3 Ne7g6
13.Nb1d2 Qd8d6
14.Nd2f3 Ra8e8
15.Bc1e3 Re8e6
16.Qd1d2 Rf8e8
17.g3 b6
18.h4 a5
19.h5 Ng6f8
20.Be3f4 Re6xe1
21.Ra1xe1 Re8xe1
22.Qd2xe1 Qd6d7
23.h6 g5
24.Bf4d2 Qd7h3
25.Nf3h4 gxh4
26.Qe1e7 Qh3g4
27.Bd2f4 Nf8e6
28.Bf4xc7 Ne6xc7
29.Qe7xf6 Nc7e6
30.Qf6e5 hxg3
31.f3 Qg4h3
{ resign }
0-1

[Event "Match"]
[Site "www.echecsemail.com"]
[Date "2017.05.13"]
[Round "1"]
[White "Ericleo1980"]
[Black "Cjood"]
[WhiteElo "2190"]
[BlackElo "1900"]
[Result "1-0"]
[Round "1"]
1.e4 Ng8f6
2.e5 Nf6d5
3.d4 c5
4.c4 Nd5b4
5.a3 Nb4c6
6.d5 Nc6xe5
7.f4 Ne5g6
8.Ng1f3 Qd8c7
9.g3 e6
10.Nb1c3 a6
11.h4 f5
12.h5 Ng6e7
13.d6 Qc7c6
14.dxe7 Bf8xe7
15.Bf1g2 Qc6c7
16.O-O g5
17.hxg6 hxg6
18.Kf2 Nb8c6
19.Rf1h1 Rh8xh1
20.Qd1xh1 Be7f6
21.Qh1h7 Nc6e7
22.Bc1e3 d5
23.cxd5 exd5
24.Nc3xd5 Ne7xd5
25.Qh7g8 Kd7
26.Qg8xd5 Qc7d6
27.Qd5f7 Bf6e7
28.Nf3e5 Kd8
29.Bg2f3 Ra8a7
30.Ra1d1 { resign }
1-0

[Event "Match"]
[Site "www.echecsemail.com"]
[Date "2017.05.13"]
[Round "1"]
[White "Motorhead99"]
[Black "Mrmoto"]
[WhiteElo "1829"]
[BlackElo "1680"]
[Result "0-1"]
[Round "1"]
1.e4 e6
2.d4 d5
3.Nb1c3 c5
4.Bc1e3 Qd8b6
5.Nc3a4 Qb6c7
6.Na4xc5 a6
7.exd5 Bf8xc5
8.dxc5 Ng8f6
9.dxe6 Bc8xe6
10.Ng1f3 O-O
11.Bf1d3 Nb8c6
12.O-O Ra8d8
13.Nf3g5 Nf6g4
14.Bd3xh7 Kh8
15.Bh7d3 Qc7xh2
{ resign }
0-1

[Event "Match"]
[Site "www.echecsemail.com"]
[Date "2017.05.13"]
[Round "1"]
[White "Biggles"]
[Black "Karlgrocer"]
[WhiteElo "2140"]
[BlackElo "2070"]
[Result "1-0"]
[Round "1"]
1.e4 c5
2.Ng1f3 d6
3.d4 cxd4
4.Nf3xd4 Ng8f6
5.Nb1c3 e6
6.Bc1g5 Bf8e7
7.Qd1d2 O-O
8.Bg5xf6 Be7xf6
9.f4 e5
10.Nd4f3 exf4
11.Qd2xf4 Bf6xc3
12.bxc3 Qd8e7
13.Bf1d3 Nb8d7
14.O-O Nd7c5
15.Ra1e1 Bc8e6
16.a3 Qe7d7
17.e5 d5
18.Nf3g5 Nc5xd3
19.cxd3 Ra8c8
20.Qf4h4 h6
21.Ng5h3 Rc8xc3
22.d4 Be6xh3
23.gxh3 Rc3xh3
24.Qh4f4 Qd7e6
25.Re1e3 Rh3h5
26.Re3g3 f5
27.exf6 g5
28.Qf4c7 Rf8f7
29.Qc7b8 Kh7
30.Qb8xa7 Rh5h4
31.Qa7a4 Rf7xf6
32.Qa4c2 Kg7
33.Qc2c7 Rf6f7
34.Rf1xf7 Qe6xf7
35.Qc7e5 Kg6
36.Qe5d6 Kh5
37.Qd6e5 Rh4f4
38.Rg3h3 Kg6
39.Qe5e2 Qf7g7
40.Kg2 g4
41.Rh3e3 Qg7xd4
42.h4 h5
43.Re3e6 Rf4f6
44.Re6e7 b6
45.Qe2c2 Rf6f5
46.Re7e6 { resign }
1-0

[Event "Match"]
[Site "www.echecsemail.com"]
[Date "2017.05.13"]
[Round "1"]
[White "Chapi"]
[Black "Juodivarnai"]
[WhiteElo "2110"]
[BlackElo "2120"]
[Result "0-1"]
[Round "1"]
1.d4 d5
2.c4 c6
3.Nb1c3 e6
4.Ng1f3 dxc4
5.a4 Bf8b4
6.e4 b5
7.Bc1d2 Bc8b7
8.axb5 Bb4xc3
9.bxc3 cxb5
10.Qd1b1 Qd8b6
11.Bd2f4 Ng8f6
12.Nf3d2 O-O
13.Bf1e2 Nb8d7
14.O-O Rf8d8
15.Bf4g5 Rd8e8
16.Be2f3 a6
17.Bg5xf6 Nd7xf6
18.Nd2xc4 Qb6c7
19.Nc4a5 Re8b8
20.Na5xb7 Rb8xb7
21.e5 Nf6d5
22.Qb1b3 Rb7b8
23.Rf1c1 Ra8a7
24.Bf3xd5 exd5
25.Qb3xd5 Rb8d8
26.Qd5b3 h6
27.f4 Qc7c6
28.Ra1a3 Rd8b8
29.d5 Qc6c5
30.Kf1 b4
31.Ra3a1 Qc5e3
32.g3 a5
33.Qb3b2 b3
34.Ra1a4 Qe3d3
35.Kg2 Qd3xd5
36.Kh3 Qd5b5
37.Rc1a1 Rb8d8
38.Ra1a3 Rd8b8
39.Ra4d4 a4
40.c4 Qb5c5
41.Kg4 Qc5c7
42.c5 Qc7xc5
43.Rd4xa4 Ra7xa4
44.Ra3xa4 Qc5c8
45.Kf3 Qc8c6
46.Ra4e4 Rb8b4
47.Qb2b1 Qc6xe4
{ resign }
0-1

[Event "Match"]
[Site "www.echecsemail.com"]
[Date "2017.05.13"]
[Round "1"]
[White "Foxy100"]
[Black "Motorhead99"]
[WhiteElo "2220"]
[BlackElo "1860"]
[Result "1-0"]
[Round "1"]
1.e4 e5
2.Ng1f3 Nb8c6
3.Bf1b5 a6
4.Bb5a4 Ng8f6
5.O-O d6
6.Ba4xc6 bxc6
7.d4 Bc8g4
8.dxe5 dxe5
9.Qd1xd8 Ra8xd8
10.Nb1d2 Bg4xf3
11.Nd2xf3 Bf8d6
12.Bc1g5 Rd8b8
13.b3 O-O
14.Bg5xf6 gxf6
15.Ra1d1 Rb8b4
16.Rf1e1 f5
17.exf5 f6
18.Nf3d2 Rb4f4
19.Nd2e4 { resign }
1-0

[Event "Match"]
[Site "www.echecsemail.com"]
[Date "2017.05.13"]
[Round "1"]
[White "Mrynmryn"]
[Black "Karlgrocer"]
[WhiteElo "2090"]
[BlackElo "2040"]
[Result "1-0"]
[Round "1"]
1.Ng1f3 d5
2.d4 Ng8f6
3.h3 e6
4.Bc1f4 Bf8e7
5.e3 O-O
6.c4 c6
7.Bf1e2 b6
8.O-O Bc8a6
9.b3 Nb8d7
10.Nb1d2 c5
11.cxd5 Ba6xe2
12.Qd1xe2 exd5
13.dxc5 Nd7xc5
14.Rf1c1 Nf6e4
15.Nd2xe4 dxe4
16.Nf3d4 Be7f6
17.Rc1d1 Qd8c8
18.Ra1c1 Qc8b7
19.b4 Nc5e6
20.Nd4xe6 fxe6
21.Bf4d6 Rf8d8
22.Rc1c2 Rd8d7
23.Rc2d2 Ra8d8
24.b5 Bf6c3
25.Rd2c2 Bc3e5
26.Bd6xe5 Rd7xd1
27.Kh2 Rd1d7
28.Rc2c6 Rd7d5
29.Rc6xe6 Qb7f7
30.Qe2g4 Rd5d2
31.h4 Rd2xf2
32.h5 h6
33.Re6xh6 Rd8e8
34.Be5d4 Rf2f5
35.Rh6g6 Qf7c7
36.Kh3 Rf5f7
37.h6 Re8e7
38.Bd4xg7 Rf7xg7
39.Rg6xg7 Re7xg7
40.Qg4xg7 Qc7xg7
41.hxg7 { resign }
1-0

[Event "Match"]
[Site "www.echecsemail.com"]
[Date "2017.05.13"]
[Round "1"]
[White "Gambitmiau"]
[Black "Roque1"]
[WhiteElo "1980"]
[BlackElo "1930"]
[Result "1-0"]
[Round "1"]
1.e4 c5
2.Ng1f3 e6
3.d4 cxd4
4.Nf3xd4 Ng8f6
5.e5 Nf6d5
6.Bf1c4 d6
7.Bc4xd5 exd5
8.exd6 Bf8xd6
9.Qd1e2 Bd6e7
10.O-O Qd8b6
11.c3 Bc8d7
12.b4 Nb8c6
13.Bc1e3 Nc6xd4
14.Be3xd4 Qb6g6
15.Rf1e1 Bd7e6
16.Qe2b5 Be6d7
17.Qb5xb7 Bd7c6
18.Qb7xe7 
1-0

[Event "1/64 Finale"]
[Site "www.chess-mail.com"]
[Date "2017.05.13"]
[Round "1"]
[White "Attatroll"]
[Black "Bevittsmith"]
[WhiteElo "2020"]
[BlackElo "2210"]
[Result "0-1"]
[Round "1"]
1.d4 Ng8f6
2.c4 g6
3.Nb1c3 d5
4.cxd5 Nf6xd5
5.e4 Nd5xc3
6.bxc3 Bf8g7
7.Bc1e3 c5
8.Ng1f3 Bc8g4
9.Bf1e2 Nb8c6
10.e5 O-O
11.d5 Nc6xe5
12.Be3xc5 Ne5xf3
13.Be2xf3 Bg7xc3
14.Kf1 Bg4xf3
15.Qd1xf3 Bc3xa1
16.g3 b6
17.Bc5e3 Ra8c8
18.Kg2 Ba1f6
19.Rh1d1 Qd8d6
20.Be3f4 Bf6e5
21.Bf4h6 Rf8d8
22.Qf3e4 Rc8c5
23.f4 Be5f6
24.g4 Rc5xd5
25.Rd1c1 Rd5d2
26.Kh1 Rd2d1
27.Rc1xd1 Qd6xd1
28.Kg2 Rd8d2
29.Kg3 Qd1g1
30.Kh3 Qg1xh2

0-1

[Event "1/64 Finale"]
[Site "www.chess-mail.com"]
[Date "2017.05.13"]
[Round "1"]
[White "Cjood"]
[Black "Mitja"]
[WhiteElo "2140"]
[BlackElo "1980"]
[Result "0-1"]
[Round "1"]
1.Ng1f3 d5
2.d4 e6
3.Bc1f4 c6
4.a3 h6
5.h4 Ng8f6
6.Nb1c3 Bf8d6
7.Bf4d2 Qd8b6
8.Bd2c1 Nb8d7
9.b4 Qb6c7
10.Rh1h3 b5
11.g3 Nd7b6
12.e3 Nf6e4
13.Nc3xe4 dxe4
14.Nf3d2 f5
15.Qd1h5 Qc7f7
16.Qh5xf7 Kxf7
17.Bc1b2 Nb6a4
18.Ra1b1 Na4xb2
19.Rb1xb2 a5
20.c3 axb4
21.axb4 Ra8a3
22.Nd2b1 Ra3a1
23.Bf1e2 Bc8d7
24.Kd2 Rh8a8
25.Rh3h1 Ra1a2
26.Kc1 Ra2xb2
27.Kxb2 g6
28.Nb1d2 e5
29.h5 g5
30.dxe5 Bd6xe5
31.Nd2b3 Bd7e6
32.Be2d1 Ke7
33.Nb3c5 Ra8a2
34.Kc1 Ra2xf2
35.Rh1g1 Be5xc3
36.Nc5a6 Bc3d2
{ resign }
0-1

[Event "Fast Game"]
[Site "www.echecsemail.com"]
[Date "2017.05.13"]
[Round "1"]
[White "Pellix84"]
[Black "Cjood"]
[WhiteElo "1680"]
[BlackElo "1860"]
[Result "1-0"]
[Round "1"]
1.d4 Ng8f6
2.Ng1f3 b6
3.c4 e6
4.a3 Bc8b7
5.e3 h6
6.Bf1e2 Bf8e7
7.O-O d6
8.Nb1c3 Nb8d7
9.b4 c5
10.Bc1b2 cxd4
11.Nf3xd4 e5
12.Nd4f5 O-O
13.Qd1c2 Ra8c8
14.Ra1d1 Rf8e8
15.Nf5xd6 Be7xd6
16.Rd1xd6 Qd8c7
17.Rf1d1 Re8d8
18.Nc3b5 Qc7b8
19.Qc2f5 Bb7e4
20.Qf5h3 a6
21.Nb5c3 Be4f5
22.Qh3xf5 Nf6e8
23.Rd6xd7 { resign }
1-0

[Event "Fast Game"]
[Site "www.echecsemail.com"]
[Date "2017.05.13"]
[Round "1"]
[White "Cjood"]
[Black "Leonger"]
[WhiteElo "1850"]
[BlackElo "1999"]
[Result "0-1"]
[Round "1"]
1.Ng1f3 d5
2.g3 c5
3.c4 d4
4.Qd1c2 Ng8f6
5.e3 Nb8c6
6.exd4 cxd4
7.Bf1g2 d3
8.Qc2d1 e5
9.O-O Bf8c5
10.Qd1a4 O-O
11.Nf3e1 e4
12.Nb1c3 Rf8e8
13.a3 Nc6d4
14.Qa4d1 Bc8g4
15.f3 exf3
16.Rf1f2 fxg2
17.Ne1xd3 Bg4xd1
18.Nd3xc5 Re8e1
19.Kxg2 Bd1f3
20.Rf2xf3 Nd4xf3
21.Kxf3 Qd8d4
22.Nc5e4 Qd4d3
23.Kf2 Qd3f1
{ resign }
0-1

[Event "Tourn. n9373"]
[Site "www.chess-mail.com"]
[Date "2017.05.14"]
[Round "1"]
[White "Bojan"]
[Black "Cjood"]
[WhiteElo "1980"]
[BlackElo "1900"]
[Result "1-0"]
[Round "1"]
1.e4 b6
2.g3 Bc8b7
3.Bf1g2 e5
4.Ng1h3 f5
5.f3 fxe4
6.fxe4 Ng8f6
7.d3 h6
8.a3 Nb8c6
9.c3 Nc6e7
10.Bc1e3 c5
11.c4 Ne7g6
12.Nb1c3 Qd8b8
13.Nh3f2 Bf8e7
14.O-O d6
15.Nf2g4 Bb7c8
16.Ng4xf6 Be7xf6
17.Qd1h5 Kf7
18.Nc3d5 Bc8b7
19.Nd5xf6 gxf6
20.Bg2h3 Qb8g8
21.Rf1f2 Ke7
22.Ra1f1 Ra8f8
23.Bh3f5 Kf7
24.Bf5xg6 Ke7
25.Bg6f5 Qg8f7
26.Bf5g4 Qf7g7
27.Bg4h3 Bb7c6
28.b4 Bc6e8
29.Qh5e2 h5
30.Bh3f5 h4
31.g4 h3
32.Rf2f3 Rh8h4
33.Rf3g3 Rf8h8
34.Qe2d2 Be8d7
35.Bf5xd7 Kxd7
36.Qd2e2 Kc6
37.Rf1f5 Rh8g8
38.Qe2f3 cxb4
39.axb4 a5
40.b5 Kc7
41.d4 Rh4xg4
42.Kf2 Rg4xg3
43.Qf3xg3 Qg7xg3
44.hxg3 Rg8h8
45.Kg1 a4
46.Rf5xf6 a3
47.dxe5 dxe5
48.Rf6f7 Kb8
49.Be3xb6 Rh8h6
50.Bb6c7 Kc8
51.Bc7xe5 Rh6g6
52.Kh2 { resign }
1-0

[Event "Tourn. n9350"]
[Site "www.chess-mail.com"]
[Date "2017.05.14"]
[Round "1"]
[White "Jazzy"]
[Black "Prize64"]
[WhiteElo "2200"]
[BlackElo "2100"]
[Result "1/2-1/2"]
[Round "1"]
1.e4 c5
2.Ng1f3 Nb8c6
3.d3 e6
4.Bf1e2 Qd8c7
5.O-O Ng8f6
6.c3 a6
7.Bc1g5 Bf8e7
8.Nb1d2 O-O
9.Rf1e1 d6
10.Be2f1 b5
11.Ra1c1 Bc8b7
12.h3 Ra8c8
13.b3 Rf8e8
14.Bg5f4 h6
15.Qd1e2 { draw }
1/2-1/2

[Event "Tourn. n9372"]
[Site "www.chess-mail.com"]
[Date "2017.05.14"]
[Round "1"]
[White "Bojan"]
[Black "Cjood"]
[WhiteElo "2000"]
[BlackElo "1910"]
[Result "0-1"]
[Round "1"]
1.e4 c6
2.d4 e5
3.d5 cxd5
4.exd5 Qd8a5
5.Qd1d2 Qa5xd2
6.Nb1xd2 Ng8f6
7.c4 Bf8c5
8.f3 d6
9.a3 Bc8f5
10.Ng1e2 Nb8d7
11.Ne2c3 O-O
12.Nc3a4 Bc5d4
13.Ke2 e4
14.Na4c3 Ra8e8
15.fxe4 Nf6xe4
16.Nd2xe4 Bf5xe4
17.Nc3xe4 Re8xe4
18.Kd3 Nd7c5
19.Kc2 Re4e1
20.Kd2 Rf8e8
21.Ra1b1 Bd4f6
22.b4 Nc5a4
23.Kc2 a6
24.Rb1b3 b5
25.Rb3f3 bxc4
26.Bc1d2 Re1e4
27.g3 h5
28.Bf1h3 Re4e2
29.Bh3d7 c3
30.Bd7xe8 Re2xe8
31.Kb3 cxd2
32.Kc2 Bf6g5
33.Rf3f1 Na4b6
34.h4 Bg5h6
35.Rh1g1 Nb6xd5
36.Rf1d1 Nd5e3
37.Kxd2 Ne3xd1
38.Kxd1 Re8e3
39.a4 Re3b3
40.b5 Rb3b1
{ resign }
0-1

[Event "Tourn. n9297"]
[Site "www.chess-mail.com"]
[Date "2017.05.14"]
[Round "1"]
[White "Passaroa25"]
[Black "Cal"]
[WhiteElo "1610"]
[BlackElo "1700"]
[Result "0-1"]
[Round "1"]
1.e4 e5
2.f3 d6
3.c3 a6
4.Ng1e2 h6
5.Ne2g3 Ng8f6
6.d3 c5
7.Nb1d2 Nb8c6
8.Bf1e2 Bf8e7
9.Nd2f1 O-O
10.Bc1e3 Bc8e6
11.Be3f2 b5
12.Qd1c2 Nf6h7
13.Ng3f5 Be6xf5
14.exf5 Be7g5
15.Nf1g3 Nh7f6
16.O-O a5
17.Qc2b3 Ra8b8
18.a3 Qd8e7
19.Qb3c2 d5
20.Ra1d1 Bg5h4
21.h3 Qe7d7
22.Bf2xc5 Bh4xg3
23.Bc5xf8 Kxf8
24.d4 exd4
25.Be2d3 Nc6e5
26.Bd3e2 d3
27.Be2xd3 a4
28.Bd3e2 Nf6h5
29.Rd1d4 Qd7a7
30.Rf1d1 Ne5c6
31.Kf1 Nh5f4
32.Rd4d2 Qa7f2

0-1

[Event "Tourn. n9303"]
[Site "www.chess-mail.com"]
[Date "2017.05.14"]
[Round "1"]
[White "Kevinking"]
[Black "Scasan55"]
[WhiteElo "1820"]
[BlackElo "1870"]
[Result "0-1"]
[Round "1"]
1.c4 e6
2.Nb1c3 c5
3.Ng1f3 Nb8c6
4.g3 Ng8f6
5.Bf1g2 a6
6.O-O Bf8e7
7.d4 cxd4
8.Nf3xd4 O-O
9.Nd4c2 Ra8b8
10.e4 b6
11.Bc1e3 Bc8b7
12.f4 d6
13.Qd1e2 Qd8c7
14.Bg2f3 e5
15.f5 h6
16.Ra1d1 Rf8d8
17.b3 Nf6h7
18.Nc3d5 Qc7d7
19.Nd5xb6 Qd7e8
20.Nb6d5 Nh7g5
21.Bf3g2 f6
22.Be3xg5 fxg5
23.Nd5c7 Qe8f7
24.Bg2f3 Rd8d7
25.Bf3h5 Qf7f8
26.Nc7e6 Qf8c8
27.Nc2e3 Nc6d4
28.Ne6xd4 exd4
29.Rd1xd4 Be7f6
30.Rd4d5 Bb7xd5
31.exd5 Rd7e7
32.Qe2d3 Qc8c5
33.Rf1f3 Bf6d4
34.Kf2 g4
{ resign }
0-1

[Event "Tourn. n9346"]
[Site "www.chess-mail.com"]
[Date "2017.05.14"]
[Round "1"]
[White "Pachi"]
[Black "Cal"]
[WhiteElo "1600"]
[BlackElo "1700"]
[Result "1-0"]
[Round "1"]
1.e4 e5
2.Ng1f3 d6
3.Bf1b5 c6
4.Bb5e2 a6
5.O-O b5
6.c4 b4
7.a3 bxa3
8.bxa3 Bc8b7
9.d4 exd4
10.Qd1xd4 h6
11.e5 c5
12.Qd4e3 Bf8e7
13.Rf1d1 Nb8d7
14.exd6 Qd8b6
15.dxe7 Ng8f6
16.Nb1c3 Bb7xf3
17.Be2xf3 Ra8a7
18.h3 Qb6c7
19.Nc3d5 Qc7d6
20.Bc1b2 Ra7b7
21.Bb2xf6 Nd7xf6
22.Nd5xf6 gxf6
23.Rd1xd6 Rb7xe7
24.Qe3xc5 O-O
25.Rd6xf6 Kg7
26.Qc5xe7 { resign }
1-0

[Event "Tourn. n9307"]
[Site "www.chess-mail.com"]
[Date "2017.05.14"]
[Round "1"]
[White "Guidom"]
[Black "Fabos12"]
[WhiteElo "1990"]
[BlackElo "1890"]
[Result "1/2-1/2"]
[Round "1"]
1.e4 e5
2.Ng1f3 Nb8c6
3.Bf1b5 Bf8c5
4.O-O d6
5.c3 a6
6.Bb5a4 b5
7.Ba4c2 Bc8e6
8.d4 exd4
9.cxd4 Be6c4
10.dxc5 Bc4xf1
11.Kxf1 dxc5
12.Qd1xd8 Ra8xd8
13.a3 Ng8e7
14.Nb1c3 Nc6d4
15.Nf3xd4 cxd4
16.Nc3d5 Ne7xd5
17.exd5 Rd8xd5
18.Bc2e4 Rd5d8
19.Be4c6 Ke7
20.Bc1d2 f6
21.Bd2b4 Kf7
22.Ra1e1 Kg6
23.Bb4d2 Rd8d6
24.Bc6f3 c5
25.Bd2f4 Rd6d8
26.Re1e7 Rh8e8
27.Re7a7 Re8e6
28.h4 Rd8e8
29.g4 h6
30.Kg2 Re8e7
31.Ra7xe7 Re6xe7
32.Bf4d6 Re7d7
33.Bd6xc5 d3
34.Bf3d1 Rd7d5
35.Bc5e3 f5
36.gxf5 Kxf5
37.Kf3 g5
38.hxg5 hxg5
39.Kg3 Rd5d8
40.Bd1g4 Kg6
41.Bg4d1 d2
42.Kf3 Kf5
43.Ke2 g4
44.Be3xd2 Ke4
45.Bd2c3 Kd5
46.Bd1b3 Kc5
47.Bc3b4 Kd4
48.Bb4c3 Ke4
49.Bb3e6 Rd8e8
50.Be6f7 Re8e7
51.Bf7g6 Kf4
52.Kf1 Kf3
53.Bg6c2 Re7e6
54.Bc2d1 Kf4
55.Kg2 Re6d6
56.Bd1e2 Rd6d8
{ draw }
1/2-1/2

[Event "Tourn. n9301"]
[Site "www.chess-mail.com"]
[Date "2017.05.14"]
[Round "1"]
[White "Comrade"]
[Black "Orhany24"]
[WhiteElo "2240"]
[BlackElo "2170"]
[Result "1/2-1/2"]
[Round "1"]
1.c4 c5
2.Nb1c3 Nb8c6
3.g3 f5
4.Bf1g2 Ng8f6
5.e3 g6
6.d4 cxd4
7.exd4 Bf8g7
8.Ng1e2 O-O
9.O-O d6
10.Ne2f4 e5
11.dxe5 dxe5
12.Nf4d5 Nf6xd5
13.Bg2xd5 Kh8
14.Bc1e3 a6
15.Be3c5 Rf8e8
16.Bd5f7 Qd8xd1
17.Ra1xd1 Re8d8
18.Rd1xd8 Nc6xd8
19.Bf7e8 Bc8e6
20.b3 Nd8f7
21.Be8xf7 Be6xf7
22.Rf1d1 Bg7f6
23.Bc5d6 Ra8d8
24.c5 Kg7
25.Nc3d5 Bf7xd5
26.Rd1xd5 Kf7
27.Rd5d2 Ke6
28.Rd2e2 e4
29.g4 Bf6e5
30.f3 Be5xd6
31.cxd6 Rd8xd6
32.fxe4 fxe4
33.Re2xe4 Kf6
34.h4 Rd6d1
35.Kf2 Rd1d2
36.Re4e2 { draw }
1/2-1/2

[Event "Tourn. n9372"]
[Site "www.chess-mail.com"]
[Date "2017.05.14"]
[Round "1"]
[White "Thrillerfan"]
[Black "Bojan"]
[WhiteElo "2180"]
[BlackElo "2000"]
[Result "1-0"]
[Round "1"]
1.e4 e5
2.Ng1f3 d6
3.d4 Bc8g4
4.dxe5 Bg4xf3
5.Qd1xf3 dxe5
6.Bf1c4 Qd8f6
7.Qf3b3 b6
8.Nb1c3 c6
9.O-O Nb8d7
10.Bc1e3 Ng8h6
11.f4 Nh6g4
12.fxe5 Qf6xe5
13.Bc4xf7 Kd8
14.Be3f4 Qe5c5
15.Kh1 Bf8d6
16.g3 Nd7e5
17.h3 Ng4f6
18.Ra1d1 Kc7
19.Rd1xd6 Kxd6
20.Qb3e6 Kc7
21.Qe6xe5 Qc5xe5
22.Bf4xe5 Kd7
23.Bf7c4 Rh8f8
24.Rf1d1 Ke8
25.Be5d6 Rf8h8
26.e5 Nf6g8
27.Rd1f1 Ng8e7
28.Rf1f7 Ne7g6
29.Rf7xg7 b5
30.Bc4e6 Ra8d8
31.Nc3e4 a5
32.Ne4f6 
1-0

[Event "Tourn. n9271"]
[Site "www.chess-mail.com"]
[Date "2017.05.14"]
[Round "1"]
[White "Norlavuaram"]
[Black "Panham"]
[WhiteElo "2100"]
[BlackElo "2120"]
[Result "0-1"]
[Round "1"]
1.e4 e5
2.Ng1f3 Nb8c6
3.Bf1b5 Ng8f6
4.O-O Nf6xe4
5.d4 Ne4d6
6.Bb5xc6 dxc6
7.dxe5 Nd6f5
8.Qd1xd8 Kxd8
9.Bc1g5 Ke8
10.Nb1c3 Bc8e6
11.a3 h6
12.Bg5d2 Ra8d8
13.Bd2f4 g5
14.Bf4g3 Bf8g7
15.Rf1e1 Kd7
16.Ra1d1 Kc8
17.Rd1xd8 Rh8xd8
18.Re1d1 Rd8xd1
19.Nc3xd1 g4
20.Nf3d2 Nf5xg3
21.hxg3 Bg7xe5
22.Kf1 Kd7
23.c3 f5
24.Nd1e3 b5
25.Ke2 a5
26.Ne3c2 c5
27.Nc2e1 c4
28.Ne1c2 c5
29.Nd2f1 Kc6
30.Nf1e3 Kd6
31.Ne3f1 h5
32.Nc2e3 b4
33.Ne3d1 Kc6
34.Kd2 f4
35.gxf4 Be5xf4
36.Nf1e3 h4
37.Ke2 h3
38.gxh3 gxh3
39.Kf3 Kb5
40.cxb4 cxb4
{ resign }
0-1

[Event "Tourn. n9372"]
[Site "www.chess-mail.com"]
[Date "2017.05.14"]
[Round "1"]
[White "Thrillerfan"]
[Black "Cjood"]
[WhiteElo "2180"]
[BlackElo "2140"]
[Result "1-0"]
[Round "1"]
1.e4 Ng8f6
2.e5 Nf6d5
3.d4 c5
4.c4 Nd5b4
5.d5 d6
6.a3 Nb4a6
7.Ng1f3 dxe5
8.Nf3xe5 f6
9.Qd1h5 g6
10.Ne5xg6 hxg6
11.Qh5xh8 Qd8d6
12.Bf1e2 Bc8f5
13.Nb1c3 Nb8d7
14.g4 Bf5c2
15.Qh8h3 Qd6e5
16.f4 Qe5d6
17.Be2d3 Bc2xd3
18.Qh3xd3 Kf7
19.h4 Ra8e8
20.h5 e5
21.Qd3xg6 Ke7
22.Nc3e4 Qd6b6
23.fxe5 Nd7xe5
24.d6 Kd7
25.Ne4xf6 Kd8
26.Qg6xe8 
1-0

[Event "Match"]
[Site "www.echecsemail.com"]
[Date "2017.05.14"]
[Round "1"]
[White "Motorhead99"]
[Black "Gambitmiau"]
[WhiteElo "1599"]
[BlackElo "1960"]
[Result "0-1"]
[Round "1"]
1.e4 Nb8c6
2.d4 d5
3.e5 Bc8f5
4.Ng1f3 h6
5.Bf1b5 Bf5d7
6.Bc1e3 a6
7.Bb5a4 b5
8.Ba4b3 e6
9.c3 Nc6a5
10.Nb1d2 Na5c4
11.Nd2xc4 bxc4
12.Bb3c2 Bf8e7
13.O-O Be7g5
14.Nf3xg5 hxg5
15.Qd1g4 f6
16.exf6 gxf6
17.Bc2g6 Ke7
18.Rf1e1 Ng8h6
19.Qg4e2 Kf8
20.Bg6c2 Qd8e7
21.h3 Kf7
22.Ra1d1 Ra8g8
23.Qe2h5 Kf8
24.Qh5f3 g4
25.Be3xh6 Rh8xh6
26.hxg4 Rg8h8
27.Kf1 Qe7g7
28.Ke2 Qg7e7
29.Kd2 Ke8
30.Kc1 c5
31.Qf3e3 cxd4
32.Rd1xd4 Qe7c5
33.Rd4e4 Qc5xe3
{ resign }
0-1

[Event "Match"]
[Site "www.echecsemail.com"]
[Date "2017.05.14"]
[Round "1"]
[White "Ketchuplover"]
[Black "Ditto"]
[WhiteElo "1790"]
[BlackElo "1760"]
[Result "1/2-1/2"]
[Round "1"]
1.e4 e5
2.Ng1f3 Nb8c6
3.d4 d6
4.dxe5 dxe5
5.Qd1xd8 Nc6xd8
6.Nf3xe5 Ng8f6
7.f3 Bf8d6
8.Ne5c4 Bd6c5
9.Bc1e3 Bc5xe3
{ draw }
1/2-1/2

[Event "Match"]
[Site "www.echecsemail.com"]
[Date "2017.05.14"]
[Round "1"]
[White "Cjood"]
[Black "Guidom"]
[WhiteElo "1900"]
[BlackElo "2070"]
[Result "0-1"]
[Round "1"]
1.c4 c5
2.d4 cxd4
3.e3 dxe3
4.Bc1xe3 d6
5.Nb1c3 Ng8f6
6.Bf1d3 Nb8c6
7.Ng1e2 g6
8.f3 Bf8g7
9.O-O O-O
10.a3 Bc8e6
11.Qd1c2 Nc6e5
12.Ra1d1 Be6xc4
13.Bd3xc4 Ne5xc4
14.Be3f4 Nc4b6
15.Nc3b5 a6
16.Nb5xd6 exd6
17.Bf4xd6 Rf8e8
18.Bd6c5 Nb6d7
19.Rd1d3 Ra8c8
20.Rf1c1 b6
21.Qc2d2 bxc5
22.g4 c4
23.Rd3d6 Qd8c7
24.g5 Qc7c5
25.Kh1 Re8xe2
{ resign }
0-1

[Event "Match"]
[Site "www.echecsemail.com"]
[Date "2017.05.14"]
[Round "1"]
[White "Caspito"]
[Black "Carazo"]
[WhiteElo "1920"]
[BlackElo "1610"]
[Result "0-1"]
[Round "1"]
1.e4 e5
2.Ng1f3 Nb8c6
3.Bf1c4 h6
4.c3 Ng8f6
5.Qd1b3 Ke7
6.Bc4xf7 Nc6a5
7.Qb3b4 Kxf7
8.Nf3xe5 Kg8
9.Qb4xa5 Kh7
10.Ne5f7 Qd8e8
11.Qa5f5 Kg8
12.Nf7xh8 Kxh8
13.d3 d5
14.Qf5f3 Bc8g4
15.Qf3f4 Bf8d6
16.Qf4e3 dxe4
17.d4 Qe8d7
18.O-O a5
19.Nb1d2 Ra8e8
20.Nd2c4 Nf6d5
21.Qe3e1 Qd7f5
22.Nc4e3 Qf5f4
23.Ne3xg4 Qf4xg4
24.g3 h5
25.a3 Qg4h3
26.c4 h4
27.Bc1g5 hxg3
28.fxg3 Qh3g4
29.Bg5e3 Nd5f6
30.Kg2 Qg4h5
31.c5 Nf6g4
32.Rf1h1 Bd6e7
33.Qe1xa5 Ng4xe3
34.Kf2 Qh5f3
35.Ke1 Qf3xh1
{ resign }
0-1

[Event "Tourn. n9344"]
[Site "www.chess-mail.com"]
[Date "2017.05.15"]
[Round "1"]
[White "Estonia"]
[Black "Sorento"]
[WhiteElo "2070"]
[BlackElo "2260"]
[Result "0-1"]
[Round "1"]
1.d4 Ng8f6
2.c4 g6
3.Nb1c3 d5
4.e3 Bf8g7
5.Ng1f3 O-O
6.Bf1e2 c6
7.O-O Bc8g4
8.cxd5 Nf6xd5
9.h3 Bg4xf3
10.Be2xf3 e6
11.e4 Nd5c7
12.e5 Nb8d7
13.Bc1e3 f6
14.Qd1b3 fxe5
15.Ra1d1 exd4
16.Be3xd4 Bg7xd4
17.Rd1xd4 Qd8e7
18.Rf1d1 Nd7b6
19.Bf3g4 Nc7d5
20.Nc3xd5 exd5
21.Qb3c3 Qe7f6
22.Qc3f3 Qf6xd4
23.Qf3xf8 Ra8xf8
24.Rd1xd4 Kf7
25.b3 Rf8e8
26.Rd4f4 Ke7
27.Kf1 Nb6d7
28.Bg4xd7 Kxd7
29.Rf4f7 Re8e7
30.Rf7f3 d4
31.Rf3d3 c5
32.a3 a5
33.a4 Kd6
34.f4 Kd5
35.Kf2 c4
36.bxc4 Kxc4
37.g4 Kxd3
{ resign }
0-1

[Event "Tourn. n9241"]
[Site "www.chess-mail.com"]
[Date "2017.05.15"]
[Round "1"]
[White "Falcoale"]
[Black "Julian"]
[WhiteElo "1940"]
[BlackElo "1930"]
[Result "1-0"]
[Round "1"]
1.e4 c5
2.Ng1f3 d6
3.b3 Nb8c6
4.Bc1b2 e6
5.d3 Ng8f6
6.h3 Bf8e7
7.Bf1e2 O-O
8.O-O Bc8d7
9.c3 Qd8c7
10.Nb1d2 Ra8d8
11.Qd1c1 e5
12.Nf3h2 b5
13.f4 exf4
14.Rf1xf4 Nc6e5
15.d4 cxd4
16.cxd4 Ne5g6
17.Rf4f1 Rf8e8
18.Qc1xc7 Bd7e6
19.Qc7c1 Rd8c8
20.Qc1d1 d5
21.e5 Nf6e4
22.Nd2xe4 dxe4
23.Be2xb5 Re8d8
24.Qd1e2 Be6d5
25.Qe2f2 Be7h4
26.Qf2e3 Bh4e7
27.Ra1c1 Rc8xc1
28.Rf1xc1 h6
29.Bb5c4 Bd5xc4
30.bxc4 Be7g5
31.Qe3xe4 Ng6f4
32.Rc1d1 Nf4e6
33.d5 Ne6c5
34.Qe4f5 Bg5e3
35.Kh1 { resign }
1-0

[Event "Tourn. n9337"]
[Site "www.chess-mail.com"]
[Date "2017.05.15"]
[Round "1"]
[White "Libiesse"]
[Black "Cjood"]
[WhiteElo "1970"]
[BlackElo "1879"]
[Result "0-1"]
[Round "1"]
1.d4 d5
2.c4 Ng8f6
3.cxd5 Nf6xd5
4.e4 Nd5b6
5.Nb1c3 g6
6.Ng1f3 Bf8g7
7.Bc1e3 c6
8.Bf1e2 Nb8d7
9.a4 Nd7f6
10.e5 Nf6d5
11.Be3g5 Nd5xc3
12.bxc3 Nb6d5
13.c4 Nd5c3
14.Qd1c2 Nc3xe2
15.Qc2xe2 Bc8g4
16.O-O Bg4xf3
17.Qe2xf3 Qd8xd4
18.Ra1d1 Qd4xc4
19.Rf1e1 Qc4xa4
20.e6 f6
21.Rd1d7 Qa4a5
22.Re1d1 Qa5xg5
23.Qf3a3 f5
24.Qa3xa7 O-O
25.Qa7xb7 Bg7f6
26.Qb7xc6 Rf8c8
27.Qc6d5 Ra8a1
28.Rd1xa1 Bf6xa1
29.g3 h5
30.h4 Qg5f6
31.Qd5b7 Rc8e8
 { time }
0-1